000 00933nam a2200265Ia 4500
003 GCL
005 20240530102054.0
008 140319s9999 xx 000 0 ara d
040 _aGCL /
_cGCL
082 0 4 _a415.1
_bح و
100 1 _aحسين المرصفى
245 1 0 _aالوسيلة الادبية الى العلوم العربية /
_cتاليف حسين المرصفى ؛ تقديم عبدالعزيز الدسوقى
_h2 جزء
260 _a[ القاهرة ] :
_bالهيئة المصرية العامة للكتاب
_c1991
300 _aمتعدد
_b24 سم
650 0 4 _aالشعر العربى
650 0 4 _aالادب العربى
650 0 4 _aالنحو
650 0 4 _aاللغة العربية
650 0 4 _aالبلاغة العربية
650 0 4 _aالبديع
650 0 4 _aالطباق
650 0 4 _aالاسلوب
700 _4عبدالعزيز الدسوقى
_aمقدم
942 _2ddc
_cBK
999 _c29599
_d29599